000 00333nam a2200145 i 4500
001 bg
100 1 _aCOOPER, B. E.
245 0 _aStatistics for experimentalists /
_cB.E. Cooper.
260 _aOxford,
_c1969.
040 _cBPK
041 _apol
080 _a519:681.3
942 _cKS
008 s pl f |000 0 pol
999 _c15536
_d15536
856 _uhttp://koha.tu.koszalin.pl/cgi-bin/koha/opac-detail.pl?biblionumber=15536
_yKatalog online BPK